00543nam a2200181 a 45000010010000000030011000100080041000210350026000620820017000881000022001052450034001272600045001616500018002069420012002249520090002369980020003269990015003460000-9363ELIB.Books110520 1993  a(ELIB.Books)0000-9515 a225.92 bBro aBrownrigg, Ronald aWho' who in the New Testament bNew York: Oxford University Press c1993 aNew Testament 2ddccBK 00102ddc4070aKBTSbKBTSd2011-05-20l0p9301r2022-01-22 00:00:00w2022-01-22yBK cbate2011-05-20 c9363d9363